000 00304nam a22001217a 4500
008 170930b xxu||||| |||| 00| 0 eng d
041 _aeng
080 _a37
100 _a47
101 _aEDU
245 _aHEALTH GRAMMAR AND COMPOSITION WITH A PROCESS APPROACH TO WRITING
_cHARRIS, F
942 _2udc
_cBK
999 _c30901
_d30901